Killing Me- Conan Gray (Lyrics) - Statistics

General Stats
  • This quiz has been taken 19 times
  • The average score is 295 of 402
Answer Stats
Section Lyrics % Correct
a
100%
hear
100%
I
100%
"I
100%
it
100%
the
100%
and
90%
And
90%
as
90%
killing
90%
(Killing)
90%
(Killing
90%
me
90%
No
90%
Chorus Oh
90%
oh
90%
(Oh)
90%
oh)
90%
to
90%
To
90%
you
90%
your
90%
you're
90%
You're
90%
AM
80%
am
80%
But
80%
but
80%
can
80%
can't
80%
easy
80%
go
80%
how
80%
just
80%
know
80%
makin'
80%
my
80%
not
80%
we
80%
another
70%
are
70%
'cause
70%
chasin'
70%
cheatin'
70%
free
70%
(Ha)
70%
I'm
70%
in
70%
Verse 1 It's
70%
let
70%
lie
70%
lyin'
70%
man
70%
of
70%
Pre-Chorus So
70%
take
70%
that
70%
Too
70%
want
70%
2
60%
busy
60%
chase
60%
competin'
60%
for
60%
heart
60%
is
60%
love
60%
lucky
60%
problem
60%
say
60%
see
60%
that's
60%
(Ah
50%
ah
50%
ah)
50%
alive
50%
bad
50%
call
50%
cellular
50%
cryin'
50%
die
50%
don't
50%
every
50%
Got
50%
haven't
50%
hurtin'
50%
keep
50%
matter?"
50%
meet
50%
moment
50%
ringin'
50%
sadly
50%
spoken
50%
Then
50%
Try
50%
wanna
50%
weeks
50%
"What's
50%
worship
50%
actor
40%
at
40%
away"
40%
barely
40%
bleedin'
40%
break
40%
breathin'
40%
car
40%
curious
40%
deserve
40%
driveway
40%
face
40%
faster
40%
feelin'
40%
good
40%
Pre-Chorus Now
40%
Said
40%
talk
40%
thing
40%
though
40%
'til
40%
windowpane
40%
Better
30%
claw
30%
deceivin'
30%
fiendin'
30%
Fight
30%
invade
30%
life
30%
locks
30%
occurrin'
30%
rock
30%
such
30%
survive
30%
tossin'
30%
No matching quizzes found
Score Distribution
Percent of People with Each Score
Percentile by Number Answered
Your Score History
You have not taken this quiz